Losowe geograficzne pytania - Statystyki

Ogólne statystyki
  • Ten quiz został rozwiązany 27 razy
  • Średni wynik to 14 z 24
Statystyki odpowiedzi
podpowiedź odpowiedź % Poprawnych
Najwyższy szczyt Afryki (5895 m n.p.m.) Kilimandżaro
91%
Największa pustynia gorąca na świecie Sahara
91%
Co jest większe, Stany Zjednoczone czy Chiny? Chiny
87%
Stolica Kuby Hawana
87%
Najwyższa góra świata (8848 m n.p.m.) Mount Everest
87%
Góry przez które przechodzi granica pomiędzy Azją a Europą Góry Ural
83%
Miasto przez które przepływa rzeka Tamiza Londyn
83%
Jest tam polska stacja badawcza H Arctowskiego. Antarktyda
78%
Stolica Australii Canberra
78%
Chociaż jeden stan znajdujący się na terenie Alei Tornad Kansas | Oklahoma | Teksas | Iowa | Nebraska | Dakota Południowa | Kolorado | Minnesota | Wyoming | Nowy Meksyk
70%
Najdłuższa rzeka w Europie Wołga
70%
Kraj który ma najwięcej wulkanów na świecie Indonezja
65%
Który kraj jest najbardziej oddalony kraj od Polski? Nowa Zelandia
61%
Największy wodospad na świecie Salto Angel
52%
Kraj który posiada najwięcej wysp na świecie (260 tyś.) Szwecja
52%
Największe jezioro na świecie Morze Kaspijskie
43%
Kraj który nie ma dostępu do morza i jego wszyscy sąsiedzi też nie mają dostępu do morza Uzbekistan | Liechtenstein
43%
Największa wyspa archipelagu Balearów Majorka
39%
Największe miasto na Syberii Nowosybirsk
39%
Największa zatoka w Ameryce Północnej Zatoka Hudsona
35%
Najdłuższa rzeka Alaski Jukon
26%
Fałdowania które ukształtowały Sudety fałdowania hercyńskie
22%
Najbardziej podobne do Korei Północnej państwo w Afryce Erytrea
13%
Najbardziej położony na zachód kraj (województwo) Czech Karlowarski
4%
Nie znaleziono quizów pasujących do podanych kryteriów
Rozkład punktacji
Procent ludzi z każdym wynikiem
Percentyl według liczby udzielonych odpowiedzi
Twoja historia wyników
Nie rozwiązałeś tego quizu